<?xml version="1.0" encoding="UTF-8"?>
<record
    xmlns:xsi="http://www.w3.org/2001/XMLSchema-instance"
    xsi:schemaLocation="http://www.loc.gov/MARC21/slim http://www.loc.gov/standards/marcxml/schema/MARC21slim.xsd"
    xmlns="http://www.loc.gov/MARC21/slim">

  <leader>02014nam a22005057a 4500</leader>
  <controlfield tag="003">OSt</controlfield>
  <controlfield tag="005">20241107164958.0</controlfield>
  <controlfield tag="008">241107b        |||||||| |||| 00| 0 eng d</controlfield>
  <datafield tag="020" ind1=" " ind2=" ">
    <subfield code="a">9580474753</subfield>
  </datafield>
  <datafield tag="040" ind1=" " ind2=" ">
    <subfield code="a">Co-JMCR</subfield>
    <subfield code="b">spa</subfield>
    <subfield code="c">Co-JMCR</subfield>
    <subfield code="d">Co-JMCR</subfield>
    <subfield code="e">rda</subfield>
  </datafield>
  <datafield tag="041" ind1="0" ind2="0">
    <subfield code="a">spa</subfield>
  </datafield>
  <datafield tag="060" ind1=" " ind2=" ">
    <subfield code="a">WA 305</subfield>
  </datafield>
  <datafield tag="082" ind1="0" ind2="4">
    <subfield code="a">158.1</subfield>
  </datafield>
  <datafield tag="100" ind1="1" ind2=" ">
    <subfield code="a">Perry, Jimena</subfield>
    <subfield code="9">130956</subfield>
  </datafield>
  <datafield tag="245" ind1="1" ind2="0">
    <subfield code="a">Terapias Occidentales de Sanaci&#xF3;n</subfield>
    <subfield code="c">Jimena Perry, Bernardo Rengifo</subfield>
  </datafield>
  <datafield tag="260" ind1=" " ind2=" ">
    <subfield code="a">Bogot&#xEF;&#xBF;&#xBD; (Colombia)</subfield>
    <subfield code="b">Cromos</subfield>
    <subfield code="c">2003</subfield>
  </datafield>
  <datafield tag="300" ind1=" " ind2=" ">
    <subfield code="a">10 vol&#xEF;&#xBF;&#xBD;menes</subfield>
    <subfield code="b">ilustraciones, fotograf&#xEF;&#xBF;&#xBD;as</subfield>
  </datafield>
  <datafield tag="490" ind1=" " ind2=" ">
    <subfield code="a">Colecci&#xEF;&#xBF;&#xBD;n Mente Sana</subfield>
  </datafield>
  <datafield tag="505" ind1=" " ind2=" ">
    <subfield code="a">V.1: Aquietando la mente. -- V.2: Disciplinas del cuerpo y esp&#xEF;&#xBF;&#xBD;ritu. -- V.3: La medicina natural. -- V.4: T&#xEF;&#xBF;&#xBD;cnicas de autoayuda. -- V.5: Las curas naturales. -- V.6: Los puntos m&#xEF;&#xBF;&#xBD;gicos. -- V:7: Las artes adivinatorias. -- V.8: Terapias occidentales de sanaci&#xEF;&#xBF;&#xBD;n. -- V.9: Aportes de la China milenaria. -- V.10: Religiones y filosof&#xEF;&#xBF;&#xBD;as de vida.</subfield>
  </datafield>
  <datafield tag="650" ind1="0" ind2="4">
    <subfield code="a">Acupuntura</subfield>
    <subfield code="9">8498</subfield>
  </datafield>
  <datafield tag="650" ind1="0" ind2="4">
    <subfield code="a">Adivinaci&#xEF;&#xBF;&#xBD;n</subfield>
    <subfield code="9">8518</subfield>
  </datafield>
  <datafield tag="650" ind1="0" ind2="4">
    <subfield code="a">Autoestima</subfield>
    <subfield code="9">9778</subfield>
  </datafield>
  <datafield tag="650" ind1="0" ind2="4">
    <subfield code="a">Homeopat&#xEF;&#xBF;&#xBD;a</subfield>
    <subfield code="9">17000</subfield>
  </datafield>
  <datafield tag="650" ind1="0" ind2="4">
    <subfield code="a">Medicina alternativa</subfield>
    <subfield code="9">19129</subfield>
  </datafield>
  <datafield tag="650" ind1="0" ind2="4">
    <subfield code="a">Programaci&#xEF;&#xBF;&#xBD;n neuroling&#xEF;&#xBF;&#xBD;&#xEF;&#xBF;&#xBD;stica</subfield>
    <subfield code="9">22504</subfield>
  </datafield>
  <datafield tag="650" ind1="0" ind2="4">
    <subfield code="a">Psicolog&#xEF;&#xBF;&#xBD;a</subfield>
    <subfield code="9">8001</subfield>
  </datafield>
  <datafield tag="650" ind1="0" ind2="4">
    <subfield code="a">Religi&#xEF;&#xBF;&#xBD;n</subfield>
    <subfield code="9">23497</subfield>
  </datafield>
  <datafield tag="650" ind1="0" ind2="4">
    <subfield code="a">Salud p&#xEF;&#xBF;&#xBD;blica</subfield>
    <subfield code="9">8073</subfield>
  </datafield>
  <datafield tag="650" ind1="0" ind2="4">
    <subfield code="a">Terapia ocupacional</subfield>
    <subfield code="9">25382</subfield>
  </datafield>
  <datafield tag="650" ind1="0" ind2="4">
    <subfield code="a">Terapias alternativas</subfield>
    <subfield code="9">25396</subfield>
  </datafield>
  <datafield tag="650" ind1="0" ind2="4">
    <subfield code="a">Yoga</subfield>
    <subfield code="9">26413</subfield>
  </datafield>
  <datafield tag="651" ind1=" " ind2=" ">
    <subfield code="a">China</subfield>
    <subfield code="x">Vida social y costumbres</subfield>
    <subfield code="9">44611</subfield>
  </datafield>
  <datafield tag="700" ind1="1" ind2=" ">
    <subfield code="a">Rengifo, Bernardo</subfield>
    <subfield code="9">130957</subfield>
  </datafield>
  <datafield tag="740" ind1="1" ind2="0">
    <subfield code="a">Aportes de la China milenaria</subfield>
  </datafield>
  <datafield tag="740" ind1="1" ind2="0">
    <subfield code="a">Aquietando la mente</subfield>
  </datafield>
  <datafield tag="740" ind1="1" ind2="0">
    <subfield code="a">Disciplinas del cuerpo y esp&#xEF;&#xBF;&#xBD;ritu</subfield>
  </datafield>
  <datafield tag="740" ind1="1" ind2="0">
    <subfield code="a">Religiones y filosof&#xEF;&#xBF;&#xBD;as de vida.</subfield>
  </datafield>
  <datafield tag="740" ind1="1" ind2="0">
    <subfield code="a">T&#xEF;&#xBF;&#xBD;cnicas de autoayuda</subfield>
  </datafield>
  <datafield tag="740" ind1="1" ind2="0">
    <subfield code="a">Terapias occidentales de sanaci&#xEF;&#xBF;&#xBD;n</subfield>
  </datafield>
  <datafield tag="740" ind1="1" ind2="3">
    <subfield code="a">La medicina natural</subfield>
  </datafield>
  <datafield tag="740" ind1="1" ind2="4">
    <subfield code="a">Las artes adivinatorias</subfield>
  </datafield>
  <datafield tag="740" ind1="1" ind2="4">
    <subfield code="a">Las curas naturales</subfield>
  </datafield>
  <datafield tag="740" ind1="1" ind2="4">
    <subfield code="a">Los puntos m&#xEF;&#xBF;&#xBD;gicos</subfield>
  </datafield>
  <datafield tag="942" ind1=" " ind2=" ">
    <subfield code="c">BK</subfield>
    <subfield code="2">ddc</subfield>
  </datafield>
  <datafield tag="999" ind1=" " ind2=" ">
    <subfield code="c">30867</subfield>
    <subfield code="d">17251</subfield>
  </datafield>
  <datafield tag="952" ind1=" " ind2=" ">
    <subfield code="0">0</subfield>
    <subfield code="1">0</subfield>
    <subfield code="2">ddc</subfield>
    <subfield code="4">0</subfield>
    <subfield code="7">0</subfield>
    <subfield code="8">NFIC</subfield>
    <subfield code="a">CPL</subfield>
    <subfield code="b">CPL</subfield>
    <subfield code="c">CART</subfield>
    <subfield code="d">2023-07-18</subfield>
    <subfield code="e">Donaci&#xF3;n</subfield>
    <subfield code="l">1</subfield>
    <subfield code="m">2</subfield>
    <subfield code="o">158.1</subfield>
    <subfield code="p">201812442</subfield>
    <subfield code="r">2024-12-11 10:29:08</subfield>
    <subfield code="s">2024-11-07</subfield>
    <subfield code="t">Ej.1</subfield>
    <subfield code="w">2024-11-07</subfield>
    <subfield code="y">BK</subfield>
  </datafield>
</record>
